[Event "Kesan op"]
[Site "Kesan"]
[Date "2023.08.02"]
[Round "3"]
[White "Cirit, Ugur"]
[Black "Ucgul, Yilmaz"]
[Result "1/2-1/2"]
[WhiteElo "1368"]
[BlackElo "1206"]
[PlyCount "79"]
[EventDate "2023.08.01"]
[EventType "swiss"]
[EventRounds "9"]
[EventCountry "TUR"]
[SourceTitle "CBM 215 Extra"]
[Source "ChessBase"]
[SourceDate "2023.09.30"]
[SourceVersion "1"]
[SourceVersionDate "2023.09.30"]
[SourceQuality "1"]

1. e4 e5 2. Nf3 Nc6 3. Bb5 a6 4. Ba4 Nf6 5. 0-0 Be7 6. Re1 b5 7. Bb3 d6 8. h3 Na5 9. c3 Nxb3 10. Qxb3 Be6 11. Qc2 c5 12. d4 cxd4 13. cxd4 Rc8 14. Qd1 exd4 15. Nxd4 Bd7 16. Nc3 0-0 17. Bf4 Rc4 18. Rc1 Qa5 19. Nd5 Nxd5 20. exd5 Bf6 21. Rxc4 bxc4 22. Nc6 Bxc6 23. dxc6 Be5 24. Bxe5 dxe5 25. Re3 Rd8 26. Qg4 Qc5 27. Rc3 Qxc6 28. Qxc4 Qxc4 29. Rxc4 f6 30. Kf1 Kf7 31. Rc7+ Kg6 32. Ke2 Rd6 33. g4 Rd4 34. Ra7 Ra4 35. a3 Kh6 36. Rb7 Re4+ 37. Kd3 Rf4 38. Ke3 a5 39. Ra7 a4 40. Rb7 1/2-1/2